000 00570nam a22001697a 4500
003 OSt
005 20171010095524.0
008 120817t xxu||||| |||| 00| 0 eng d
040 _aMMSU
_cULS
100 _aAndres, Felisa F.
_912275
245 _aPagsusuri sa tema ng mga piling tulang iluko ni Dr. Godofredo S. Reyes
_cFelisa F. Andres
260 _c2001
300 _axv, 159 leaves
_c28 cm.
500 _aThesis (MA Education-Filipino) -- Mariano Marcos State University-Graduate School, Laoag City
504 _aBibliography: leaves 130-133
942 _2ddc
_cTHEDIS
999 _c9773
_d9773